02314nam a2200349 i 4500001001000000003000900010005001700019007000300036008004100039040003000080082001900110100005100129245009500180264007600275300002600351336002700377337003300404338002800437490005900465500022500524500011900749500013800868590002701006910001401033942001401047952014801061952021701209952011901426952014501545952025701690999001701947000034123DO-SdBNP20241028103728.0ta110926s1960 dr 000 0 spa d aDO-SdBNPbspacBNPHUerda axxxbC744s2221 4aut.aConcepción, J. Agustín922539eautor10aSíntesis histórica del municipio de Santiago Rodríguez /cJ. Agustín Concepción. 1aCiudad Trujillo, República Dominicana :bImpresora dominicana,c1960. a126 páginasc24 cm. atextobtxt2rdacontent asin mediaciónbn2rdamedia avolumenbnc2rdacarrier1 aVolúmenes históricos de 12 municipios dominicanos  aColección de 15 volúmenes que su autor prepara con los auspicios de la Liga Municipal Dominicana, como una contribución del superior gobierno a la celebración del primer centenario de la Restauración Nacional.  aVolúmenes publicados: Constanza (edición agotada) Síntesis histórica del Municipio de Santiago Rodriguez  aPróximos a publicarse: Un siglo de vida Ocoeña Bosquejo histórico de Jarabacoa Manzanillo - Pepillo Salcedo - Puerto Libertador aInventariado, 2024/ YL aYLockward 2ddccLBS1 00102ddc51708PD-RVaBNPHUbBNPHUcCTd2013-07-29iLF1l0oBNPHU PD-RV xxx C744sp34123-30r2020-06-25te. 2w2020-06-25yLBS1ZNo se presta 00102ddc51708PD-RVaBNPHUbBNPHUcCTd2011-09-26iLF1l0oBNPHU PD-RV xxx C744sp34123-10r2020-06-25w2020-06-25yLBS1zPerteneció a la biblioteca personal de Juan Isidro Jiménes- GrullónZNo se presta 001050718RVaPDbPDcCTd2012-01-31iLF1l0oxxx C744sp34123-20r2020-06-25te. 2w2020-06-25y1ZNo se presta 00102ddc55708DSaBNPHUbBNPHUcCTd1990-10-10eDonación iLF1l0oBNPHU DS-RV xxx C744sp2024-6222r2024-10-28te. 3w2024-10-28yLBS1 00102ddc55708DSaBNPHUbBNPHUcCTd2023-10-02eDonado por la Presidencia de la República Dominicana 2023iLF1l0oBNPHU DS-RV xxx C744sp2024-6223r2024-10-28te. 4w2024-10-28yLBS1zPerteneció a la biblioteca personal de Emilio Cordero Michel c33614d33614